|
|
|
|
| LEADER |
00960naa a2200205 i 4500 |
| 001 |
acta82715 |
| 005 |
20250429102012.0 |
| 008 |
231218s2015 hu o 100 hun d |
| 040 |
|
|
|a SZTE Egyetemi Kiadványok Repozitórium
|b hun
|
| 041 |
|
|
|a hun
|
| 100 |
1 |
|
|a Kolcsár Ronald A.
|
| 245 |
1 |
0 |
|a Zalaegerszeg város zöldterületeinek funkcionális vizsgálata
|h [elektronikus dokumentum] :
|b [absztrakt] /
|c Kolcsár Ronald A.
|
| 260 |
|
|
|c 2015
|
| 300 |
|
|
|a 5-6
|
| 490 |
0 |
|
|a Móra Ferenc Szakkollégium Természettudományi Konferencia
|
| 650 |
|
4 |
|a Természettudományok
|
| 650 |
|
4 |
|a Föld- és kapcsolódó környezettudományok
|
| 695 |
|
|
|a Zöldterület - városi - Magyarország - regionális - előadáskivonat, Környezetvédelem - Zalaegerszeg - előadáskivonat
|
| 711 |
|
|
|a Móra Ferenc Szakkollégium Természettudományi Konferencia
|c Szeged
|d 2015. március 27.
|
| 856 |
4 |
0 |
|u http://acta.bibl.u-szeged.hu/82715/1/morakonf_2015_005-006.pdf
|z Dokumentum-elérés
|